Spotrebné dane.

Sústava nepriamych daní tvorí daň z pridanej hodnoty a spotrebné dane. Spotrebné dane porušujú rovnosť vytváranú daňou z pridanej hodnoty. Spotrebné dane odvádzajú výrobcovia a prví dovozcovia. Uplatňovanie spotrebných daní na čs. území v minulosti a charakteristika navrhovaného systému.

Na minha lista:
Detalhes bibliográficos
Autor principal: Šťavinová, A.
Formato: Capítulo de Livro
Idioma:eslovaco
Assuntos:
Tags: Adicionar Tag
Sem tags, seja o primeiro a adicionar uma tag!

MARC

LEADER 00000naa a2200000 4500
001 r006472
005 20221125081603.5
041 0 |a slo 
044 |a [CS] 
245 1 0 |a Spotrebné dane.  |c A. Šťavinová 
520 |a Sústava nepriamych daní tvorí daň z pridanej hodnoty a spotrebné dane. Spotrebné dane porušujú rovnosť vytváranú daňou z pridanej hodnoty. Spotrebné dane odvádzajú výrobcovia a prví dovozcovia. Uplatňovanie spotrebných daní na čs. území v minulosti a charakteristika navrhovaného systému. 
610 2 0 |a dane z hodnoty pridanej 
610 2 0 |a ČSFR 
610 2 0 |a dane spotrebné 
610 2 0 |a dane nepriame 
100 1 |a Šťavinová, A.